MARC details
| 000 -LEADER |
| fixed length control field |
01454nam a2200253 a 4500 |
| 008 - FIXED-LENGTH DATA ELEMENTS--GENERAL INFORMATION |
| fixed length control field |
081203s2002 ||||||||||||||||| || u |
| 020 ## - INTERNATIONAL STANDARD BOOK NUMBER |
| International Standard Book Number |
0618132074 |
| 050 ## - LIBRARY OF CONGRESS CALL NUMBER |
| Classification number |
JK 2408 Bow |
| 100 ## - MAIN ENTRY--PERSONAL NAME |
| Personal name |
Kearney, Richard C |
| 245 10 - TITLE STATEMENT |
| Title |
State and local government. -- 5th ed. |
| Statement of responsibility, etc. |
Ann O'M. Bowman; Richard C. Kearney |
| 250 ## - EDITION STATEMENT |
| Edition statement |
5th ed. |
| 260 ## - PUBLICATION, DISTRIBUTION, ETC. |
| Place of publication, distribution, etc. |
Boston: |
| Name of publisher, distributor, etc. |
Houghton Mifflin |
| Date of publication, distribution, etc. |
2002 |
| 300 ## - PHYSICAL DESCRIPTION |
| Extent |
xv, variant pagings.: ill. |
| 350 ## - |
| -- |
0.00 |
| 650 ## - SUBJECT ADDED ENTRY--TOPICAL TERM |
| Topical term or geographic name entry element |
LOCAL GOVERNMENT--UNITED STATES |
| 650 ## - SUBJECT ADDED ENTRY--TOPICAL TERM |
| Topical term or geographic name entry element |
POLITICS |
| 650 ## - SUBJECT ADDED ENTRY--TOPICAL TERM |
| Topical term or geographic name entry element |
STATE AND GOVERNMENTS--UNITED STATES |
| 700 ## - ADDED ENTRY--PERSONAL NAME |
| Personal name |
Bowman Ann O'M |
| 995 ## - |
| -- |
ANNEX COLLECTION (Main Library) |
| -- |
0.00 |
| -- |
738949 |
| -- |
CBU-MAIN LIBRARY (Kitwe) |
| -- |
1 |
| -- |
0.00 |
| -- |
JK 2408 Bow |
| -- |
1 |
| -- |
AVAILABLE |
| -- |
Dec 3, 2008 |
| -- |
738949 |
| -- |
Annex Low-Usage Collection |
| 995 ## - |
| -- |
ANNEX COLLECTION (Main Library) |
| -- |
0.00 |
| -- |
738950 |
| -- |
CBU-MAIN LIBRARY (Kitwe) |
| -- |
1 |
| -- |
0.00 |
| -- |
JK 2408 Bow |
| -- |
2 |
| -- |
AVAILABLE |
| -- |
Dec 3, 2008 |
| -- |
738950 |
| -- |
Annex Low-Usage Collection |
| 995 ## - |
| -- |
ANNEX COLLECTION (Main Library) |
| -- |
0.00 |
| -- |
738953 |
| -- |
CBU-MAIN LIBRARY (Kitwe) |
| -- |
1 |
| -- |
0.00 |
| -- |
JK 2408 Bow |
| -- |
5 |
| -- |
AVAILABLE |
| -- |
Dec 3, 2008 |
| -- |
738953 |
| -- |
Annex Low-Usage Collection |
| 995 ## - |
| -- |
ANNEX COLLECTION (Main Library) |
| -- |
0.00 |
| -- |
738952 |
| -- |
CBU-MAIN LIBRARY (Kitwe) |
| -- |
1 |
| -- |
0.00 |
| -- |
JK 2408 Bow |
| -- |
4 |
| -- |
AVAILABLE |
| -- |
Dec 3, 2008 |
| -- |
738952 |
| -- |
Annex Low-Usage Collection |
| 995 ## - |
| -- |
MAIN LIBRARY OPEN ACCESS |
| -- |
0.00 |
| -- |
738951 |
| -- |
CBU-MAIN LIBRARY (Kitwe) |
| -- |
1 |
| -- |
0.00 |
| -- |
JK 2408 Bow |
| -- |
3 |
| -- |
AVAILABLE |
| -- |
Dec 3, 2008 |
| -- |
738951 |
| -- |
Main Library Open Access Collection |
| 999 ## - |
| -- |
76751 |
| -- |
76751 |